00931nam a2200241 i 4500001001000000003000900010005001700019007000300036008004100039020001800080040003000098082002600128245011900154264005900273300002700332336002700359337003400386338002900420500007000449500004300519651007800562700004900640000047582DO-SdBNP20240305130643.0ta180703s2017 dr 000 spa d a9789945907230 aDO-SdBNPbspacBNPHUerda 4a972.93052 bC733n222 3aLa comisión nacionalista y la ocupación americana de 1916 :bdocumentos /ccompilador, Alejandro Paulino Ramos aSanto Domingo :bArchivo General de la Nación,c2017 a457 páginas c24 cm. 2rdacontentatextobtxt 2rdamediaasin mediación bn 2rdacarrieravolumen bnc aIncluye datos biográficos del autor en la solapa de la cubierta aIncluye notas al pie de las páginas  4aRepública DominicanaxHistoria yOcupación norte americana, 1916-19241 aPaulino Ramos, Alejandro,d1951-ecompilador